ბათუმის შოთა რუსთაველის სახელმწიფო უნივერსიტეტის ბიბლიოთეკა

Кокциды субтропической зоны Грузии (ბიბ.ჩანაწერი № 46402)

000 -LEADER
fixed length control field 00654nam a2200217Ia 4500
001 - CONTROL NUMBER
control field 13238
003 - CONTROL NUMBER IDENTIFIER
control field GE_BSU
008 - FIXED-LENGTH DATA ELEMENTS--GENERAL INFORMATION
fixed length control field 181216s||||||||xx |||||||||||||| ||und||
040 ## - CATALOGING SOURCE
Transcribing agency GE_BSU
080 ## - UNIVERSAL DECIMAL CLASSIFICATION NUMBER
Universal Decimal Classification number 632(479.22)+592(479.22)
100 ## - MAIN ENTRY--PERSONAL NAME
Personal name Хаджибейли,З.К.
245 ## - TITLE STATEMENT
Title Кокциды субтропической зоны Грузии
245 ## - TITLE STATEMENT
Statement of responsibility, etc. Ред.Г.Алексидзе
260 ## - PUBLICATION, DISTRIBUTION, ETC.
Place of publication, distribution, etc. Тбилиси
260 ## - PUBLICATION, DISTRIBUTION, ETC.
Name of publisher, distributor, etc. Мецниереба
260 ## - PUBLICATION, DISTRIBUTION, ETC.
Date of publication, distribution, etc. 1983
300 ## - PHYSICAL DESCRIPTION
Extent 294стр.илл.20см.
300 ## - PHYSICAL DESCRIPTION
Dimensions Библиогр.с.283-291
653 ## - INDEX TERM--UNCONTROLLED
Uncontrolled term Кокциды субтропической зоны Грузии
942 ## - ADDED ENTRY ELEMENTS (KOHA)
Koha item type წიგნი
ეგზემპლარები
Withdrawn status Lost status Damaged status Not for loan Date acquired Barcode Date last seen Price effective from Koha item type
        2018-12-17 20819 2018-12-17 2018-12-17 წიგნი